FC Barcelona 25/26 squad by picture - Statistics

General Stats
  • This quiz has been taken 182 times
  • The average score is 22 of 24
Answer Stats
Picture Answer % Correct
Lamine Yamal
97%
Joan García
96%
Jules Koundé
96%
Pedri
96%
Ronald Araújo
96%
Ter Stegen
96%
Alejandro Balde
95%
Pau Cubarsí
95%
Robert Lewandowski
95%
Dani Olmo
94%
Ferrán Torres
94%
Frenkie De Jong
94%
Marcus Rashford
94%
Gavi
93%
Andreas Christensen
91%
Raphinha
91%
Hansi Flick
90%
Fermín López
89%
Eric García
86%
Wojciech Szczesny
84%
Gerrard Martín
83%
Marc Casadó
80%
Marc Bernal
79%
Roony Bardghji
66%
No matching quizzes found
Score Distribution
Percent of People with Each Score
Percentile by Number Answered
Your Score History
You have not taken this quiz